| 000 | 00446nam a22001457a 4500 | ||
|---|---|---|---|
| 008 | 240717b ||||| |||| 00| 0 eng d | ||
| 020 | _a9966703810 | ||
| 050 |
_aHM1271 _b.R47 2010 |
||
| 245 |
_aRestoring the beauty and blessing of ethnic diversity: _b a training manual of ethnicity |
||
| 260 |
_aNairobi _bAIU & ALARM _c2010 |
||
| 300 |
_a73 p.: _c24 cm |
||
| 650 | _aEthnic relations. | ||
| 650 | _aEthnicity Social aspects | ||
| 942 |
_2lcc _cBK |
||
| 999 |
_c59295 _d59295 |
||